La adquisición del lenguaje / (Record no. 1077)

MARC details
000 -CABECERA
campo de control de longitud fija 00523nam a2200169 a 4500
005 - FECHA Y HORA DE LA ÚLTIMA TRANSACCIÓN
campo de control 20240625063631.0
008 - ELEMENTOS DE LONGITUD FIJA--INFORMACIÓN GENERAL
campo de control de longitud fija 991125s1985 mx 000 0 spa u
035 ## - NÚMERO DE CONTROL DEL SISTEMA
Número de control de sistema UPN01000001077
049 ## - COLECCIÓN
Colección CG
050 #4 - SIGNATURA TOPOGRÁFICA DE LA BIBLIOTECA DEL CONGRESO
Número de clasificación P118.4
Número de documento/Ítem A3.6
245 03 - MENCIÓN DE TÍTULO
Título La adquisición del lenguaje /
Mención de responsabilidad, etc. Rebeca Casanova Becerra ... [et al.].
260 ## - PUBLICACIÓN, DISTRIBUCIÓN, ETC.
Lugar de publicación, distribución, etc. México :
Nombre del editor, distribuidor, etc. SEP, Dirección General de Educación Especial,
Fecha de publicación, distribución, etc. 1985.
300 ## - DESCRIPCIÓN FÍSICA
Extensión 72 p.
650 #4 - ASIENTO SECUNDARIO DE MATERIA - TERMINO TEMATICO
Término de materia o nombre geográfico como elemento de entrada Adquisición del lenguaje
9 (RLIN) 220
700 1# - ASIENTO SECUNDARIO--NOMBRE DE PERSONAL
Nombre de persona Casanova Becerra, Rebeca,
Término indicativo de función/relación coaut.
905 ## - TIPO DE MATERIAL
Tipo de material Libro
Holdings
Estado de retiro Estado de pérdida Fuente del sistema de clasificación o colocación Estado dañado No para préstamo Código de colección Localización permanente Ubicación/localización actual Ubicación en estantería Fecha de adquisición Total de préstamos Clasificación Código de barras Fecha visto por última vez Número de copia Tipo de ítem Koha Enumeración/cronología de publicación seriada Renovaciones totales Fecha del último préstamo
    Library of Congress Classification   En proceso de revisión Colección General Bib. Gregorio Torres Quintero Bib. Gregorio Torres Quintero Planta baja 11/08/2023 1 P118.4 A3.6 76607 31/12/2020 1 Libro      
    Library of Congress Classification   En proceso de revisión Colección General Bib. Gregorio Torres Quintero Bib. Gregorio Torres Quintero Planta baja 11/08/2023   P118.4 A3.6 107812 31/12/2020 1 Libro      
    Library of Congress Classification     Colección General Bib. Gregorio Torres Quintero Bib. Gregorio Torres Quintero Planta baja 02/08/2023 3 P118.4 A3.6 U7307 14/02/2024 1 Libro Donación UNESCO 1 02/08/2023
    Library of Congress Classification     Colección General Bib. Gregorio Torres Quintero Bib. Gregorio Torres Quintero Planta baja   4 P118.4 A3.6 76606 31/12/2020 1 Libro      
    Library of Congress Classification     Colección General Bib. Gregorio Torres Quintero Bib. Gregorio Torres Quintero Planta baja 19/10/2022 4 P118.4 A3.6 76605 04/01/2023 1 Libro     01/12/2022